00388nam a2200145Ia 4500008004100000020001500041041001200056082001600068100001400084245008000098260002500178300000800203650001600211700001500227221030s9999 xx 000 0 und d a8120313623 aEnglish a105.23bAlb aH. Alblas 0aPractice & Principles Of Compiler Building With Ccby H. Alblas, A. Nymeyer bPHIaNew Delhic2001 a427 aBE Computer aA. Nymeyer